Masks of conquest : (Record no. 52433)

MARC details
000 -LEADER
fixed length control field 01096nam a22002537a 4500
005 - DATE AND TIME OF LATEST TRANSACTION
control field 20110513121547.0
008 - FIXED-LENGTH DATA ELEMENTS--GENERAL INFORMATION
fixed length control field 110513t xxu||||| |||| 00| 0 eng d
010 ## - LCCN (DPL NO)
LC control number B-430593
020 ## - INTERNATIONAL STANDARD BOOK NUMBER
International Standard Book Number 0195646401
Terms of availability 245.00
020 ## - INTERNATIONAL STANDARD BOOK NUMBER
International Standard Book Number 9780195646405
Terms of availability 245.00
035 ## - SYSTEM CONTROL NUMBER
System control number B-430593
037 ## - SOURCE OF ACQUISITION
Source of stock number/acquisition Allied Pub / Ven
040 ## - CATALOGING SOURCE
Original cataloging agency dpl
Language of cataloging English
082 ## - DEWEY DECIMAL CLASSIFICATION NUMBER
Classification number 480.71054
100 ## - MAIN ENTRY--PERSONAL NAME
Personal name Viswanathan, Gauri.
9 (RLIN) 28084
245 ## - TITLE STATEMENT
Title Masks of conquest :
Statement of responsibility, etc Gauri Viswanathan.
Remainder of title literary study and British rule in India /
260 ## - PUBLICATION, DISTRIBUTION, ETC. (IMPRINT)
Place of publication, distribution, etc New Delhi
Name of publisher, distributor, etc Oxford University Press
Date of publication, distribution, etc 2009
270 ## - ADDRESS
Address YMCA Library Building, Jai Singh Road,
City New Delhi
Postal code 110001
300 ## - PHYSICAL DESCRIPTION
Extent x, 198p.
Dimensions 22cm (pbk)
500 ## - GENERAL NOTE
General note Includes bibliographical references and index
942 ## - ADDED ENTRY ELEMENTS (KOHA)
Source of classification or shelving scheme Dewey Decimal Classification
Item type English Books
Call number suffix VIS
Classification part 480.71054
Holdings
Withdrawn status Lost status Source of classification or shelving scheme Damaged status Not for loan Collection code Home library Current library Date acquired Source of acquisition Cost, normal purchase price Total Checkouts Full call number Barcode Date last seen Copy number Cost, replacement price Koha item type
    Dewey Decimal Classification     Non-fiction Central Library Central Library 27/05/2011 RBC-22612/2010-11/26-03-11/76/04-03-11/31-03-11 245.00 1 480.71054VIS B-430593 27/08/2018 1 245.00 English Books

© Delhi Public Library
Hit Counter
free hit counter